000 00755nam a2200253 a 4500
008
020 _a3055017331(hbk)
049 _aMAIN
090 _aQC415
245 0 0 _aDiffractive optics for industrial and commercial applications /
_cedited by Jari Turunen and Frank Wyrowski.
260 _aBerlin :
_bAkademie Verlag,
_cc1997.
300 _axiv, 426 p. :
_bill. ;
_c25 cm.
504 _aIncludes bibliographical references .
500 _aIncludes index
650 0 _aDiffraction.
650 0 _aOptics.
700 1 _aTurunen, Jari.
700 1 _aWyrowski, Frank.
907 _a.b10136988
_b24-01-07
_c22-09-04
003
005 20230123133830.0
040 _cNUST
942 _cBOOKS
_kQC415
999 _c155386
_d155386